04529nam a2200409Ia 4500001000900000003000500009005001700014007000300031008004100034010001100075040002300086041001300109100002800122240018700150245023600337264004200573300006500615336002700680337002800707338002800735500004700763502010000810504003200910505012600942520133701068520130102405650003003706650005203736650005703788650003003845650004203875650005103917700003403968700003904002700004004041700003804081dia_3839CHAP20250708124521.0ta220117s2007 mx bde frm 001 0 spa d a174443 cCHAPamxchpuaerda0 aspabeng1 aNolasco Bautista, Reina10aTechnical-economic feasibility study for the installation and setting in march of a packing of orange (Citrus sinesis L.) in the municipality of Francisco Z. Mena, Puebla.lEspañol10aEstudio de factibilidad técnico-económico para la instalación y puesta en marcha de una empacadora de naranja (Citrus sinensis L.) en el municipio de Francisco Z. Mena, Puebla /cReina Nolasco Bautista y Gilberto Pérez Cruz aChapingo, México :bEl autor,c2007 aiv, 96 hojas :bmapas, gráficas, diagramas, tablas, planos 2rdacontentatextobtxt 2rdamediaano mediadobn 2rdacarrieravolumenbnc aLos planos están incluidos en el reporte aTesis b(Ingeniero Agroindustrial) --cUACh, Departamento de Ingeniería Agroindustrial,d2007 aBibliografía: hojas 94-96 a2 planos -- 1. Plano de Distribución de áreas de la empacadora (Esc. 1:250) -- 2. Plano de Distribución de equipos 3 aEl presente trabajo se realizó con el propósito de ver la viabilidad del establecimiento de una empacadora de naranja en el municipio de Francisco Z Mena, Puebla. Surge a petición de los productores de naranja del municipio que Son afectados por la presencia del intermediarismo existente en la región. Se decidió realizar el estudio debido a que existen aproximadamente 1200 productores de naranja con una superficie cercana a 5000 ha y un volumen de producción de 57740 toneladas. Para determinar la factibilidad de este proyecto, se realizaron estudios como: diagnóstico de área, abasto de materia prima, de mercado, mercadológico, organización social, maquinaria y equipo indispensable para el proceso de acondicionamiento de naranja, y fuentes de financiamiento. Al final se evaluaron cada uno de estos componentes. Los resultados obtenidos de este estudio muestran que el proyecto es viable técnica y económicamente. Con una rentabilidad de la empresa del 60% y 108% para el proyecto. Sin embargo, la empresa es sensible ya que sólo soporta un aumento del 20% del precio de la materia prima, un aumento del 15% de los costos de operación y una disminución del 10% en el precio de venta del producto. Es necesaria una inversión total de $2,650,268.25 y un capital de trabajo de $3,078,704.00. --3 aThe present work was carried out with the purpose of seeing the viatbility of the establishment of an orange packer in the municipality of Francisco Z. Mena, Puebla. This work arises at the request of the producing of orange of this municipality that they are affected by the presence of the intermediary existent in the region. Was decided this study accomplish because in the region exist 1200 approximately producing of orange, with a near surface at 5000 has and a volume of production of 57740 tons. For the feasibility determine of this project were accomplished studies as: of area diagnostic, raw material supply, of market, marketing. social organization, machinery and team that are required in the process of orange conditioning. and sources of finance. At the end were evaluated each one of these components. The obtained results of this study show that the project is technically and economically feasible. Has an enterprise profitability of 60% and 108% for the project. However, the enterprise is sensitive because only support an increase of 20% of raw material price, an increase of 15% in your operation costs and a decrease in sales price of the product of 10%. It requires a total investment of $2,650,268.25 mexican pesos and a work capital of $3,078,704. 00 mexican pesos. 13aNaranjasxEnvasado 2atg13aIniciativa empresarialzMéxicozPuebla 2atg13aNaranjasxPlantas empacadoraszMéxicozPuebla2atg13aOrangesxPackaging 2atg13aEntrepreneurshipzMexicozPuebla2atg13aOranges xPacking houses2atgzMexicozPuebla1 aPérez Cruz, Gilbertoeautor1 aPonce Hernández, Pedroedirector1 aAscencio Rivera, J. Rogelioeasesor1 aLópez Méndez, Sinecioeasesor